00493nam a22001577a 4500020001500000082002200015100002300037245004700060260002400107300002700131526003700158650001400195942001200209999001900221952009500240 a0751311243 a643.1bGREc44365 aGrey johnny944648 aThe complete home design bookcJohnny grey alondon :bDKc1998. a311 p.bill. :c24 cm. a0b0c0d643_100000000000000_GRE aMCE,9379 2ddccBK c548376d548376 00102ddc4070aMCEbMCEd2014-08-27l0o643.1 GREpMCE-44365r2014-08-27w2014-08-27yBK